000 00716cam a22002413a 4500
001 26718
003 PGUSA
005 20140828083557.0
008 080928s2008||||xxu|||||s|||||000 | eng d
040 _aPGUSA
_beng
042 _adc
050 4 _aRA
100 1 _aHarris, H. F.
_q(Henry Fauntleroy),
_d1867-1926
245 1 0 _aHealth on the Farm :
_bA Manual of Rural Sanitation and Hygiene
_h[electronic resource] /
_cH. F. Harris
260 _bProject Gutenberg,
_c2008
506 _aPublic domain in the USA.
516 _aElectronic text
653 _aSanitation, Household
653 _aRural health
830 0 _aProject Gutenberg
_v26718
856 4 0 _uhttp://www.gutenberg.org/ebooks/26718
942 _cEB
999 _c255973
_d255973